MARC

LEADER 00000nam0a2200000 4500
001 365837
005 20231102011825.0
035 |a (RuTPU)RU\TPU\retro\23200 
090 |a 365837 
100 |a 20220124d1979 km y0rusy50 ca 
101 0 |a rus 
102 |a RU 
105 |a a z 001zy 
200 1 |a Организация труда и управление в НИИ и КБ в условиях НТР  |f Е. И. Киссель 
210 |a Москва  |c Экономика  |d 1979 
215 |a 144 с.  |c ил. 
320 |9 572  |a Библиогр.: с. 140-142 
606 1 |a Научно-исследовательская работа  |x Организация труда научного работника  |2 stltpush  |3 (RuTPU)RU\TPU\subj\45142  |9 64404 
610 1 |a научно-исследовательские организации 
610 1 |a управление 
610 1 |a НИИ 
610 1 |a конструкторские бюро 
610 1 |a научно-техническая революция 
610 1 |a умственный труд 
610 1 |a кадры 
610 1 |a психология 
610 1 |a разделение труда 
686 |a Ч215.2  |v LBC/SL-A  |2 rubbk 
700 1 |a Киссель  |b Е. И.  |g Евгений Иванович 
801 1 |a RU  |b 63413507  |c 20220124 
942 |c BK